000 00916nam a2200205 i 4500
001 170681
003 ES-MaACL
005 20230906214431.0
008 090330s1769 sp |||| | spa d
080 _a821.134.2-2"17"
100 1 _aFernández, Antonio Pablo.
_9139693
245 1 3 _aEl asombro de Xerez, Juana la Rabicortona.
_nPrimera parte /
_cde un ingenio [Antonio Pablo Fernández].
260 _aValencia :
_b[s.n.],
_c1769 (
_fEn la Imprenta de la Viuda de Joseph de Orga)
300 _a32 p. ;
_c20 cm.
594 _aPrecede al tít., en el ángulo izquierdo nº 153.
596 _aDatos de imprenta tomados del colofón.
597 _aTexto a dos columnas, signaturas tipográficas.
597 _aSig.: A-D4.
852 _aES-MaACL
_jF-8549(6)
_z.- Enc. pasta española
_q.- Falto de la cub. original
_z.- Enc. en un vol. facticio, formando parte de la col. facticia "Teatro español moderno", vol. 1
999 _c170681
_d170681